[Event "19th Karpov Poikovsky 2018"]
[Site "Poikovsky"]
[Date "2018.06.02"]
[Round "6"]
[White "Jakovenko, Dmitry"]
[Black "Fedoseev, Vladimir"]
[Result "1-0"]
[WhiteElo "2735"]
[BlackElo "2704"]
[Annotator "TA"]
[PlyCount "140"]
[EventDate "2018.??.??"]
[EventType "tourn"]
[EventCountry "RUS"]
[SourceTitle "playchess.com"]
[Source "ChessBase"]
[SourceQuality "1"]

{[%evp 10,140,14,16,31,26,30,32,31,37,42,37,43,40,58,60,55,51,52,59,108,102,138,126,139,127,129,128,125,118,148,79,87,72,84,60,62,64,57,58,62,54,45,49,68,36,48,53,51,30,41,0,0,0,16,17,20,-2,0,0,10,12,40,33,39,32,40,39,55,54,85,81,81,80,84,84,80,83,80,74,82,79,185,185,185,185,185,185,185,185,185,185,185,185,185,170,176,178,325,325,363,363,356,356,332,306,416,340,329,93,93,142,142,142,142,75,1216,1191,1182,1100,29968,29966,29969,29968,29973,29974,29976,29977,29976,29975,29978,29979,29975]} 1. e4 c6 2. d4 d5 3. e5 c5 4. dxc5 e6 5. Nf3 Bxc5 6. a3 {LiveBook: 37 Games. B12: Caro-Kann: Advance Variation} (6. Bd3 Ne7 7. O-O Ng6 8. a3 O-O 9. Nbd2 Nc6 10. b4 Bb6 11. Bb2 Nf4 12. Nb3 a5 13. Qd2 Nxd3 14. cxd3 {½-½ (38) Vitiugov,N (2735)-Anand,V (2776) Karlsruhe/Baden-Baden 2018}) 6... Nd7 7. Bd3 f6 $146 ({Predecessor:} 7... Ne7 8. O-O Nc6 9. b4 Be7 10. Bb2 O-O 11. Nbd2 Nb6 12. Rc1 a5 {1-0 (25) Amonatov,F (2569)-Granovski,A (2372) Moscow 2006}) 8. b4 {White has an edge.} Be7 9. Bb2 fxe5 10. Nxe5 Nxe5 11. Bxe5 Bf6 12. O-O Nh6 13. Bxf6 Qxf6 14. Bb5+ Kf8 15. Nd2 g5 16. c4 Kg7 17. cxd5 exd5 18. Rc1 Rf8 19. Nb3 Rf7 20. Qxd5 (20. Qd2 $142 $1) 20... Be6 $16 21. Qd3 Rd8 22. Qc3 b6 23. Qxf6+ Kxf6 24. Rc6 Nf5 25. Re1 Re7 26. Bf1 g4 27. f3 gxf3 28. gxf3 Nh4 29. Kf2 Ng6 30. Nc1 Ne5 31. Rc3 Rd2+ 32. Re2 Rd1 {Threatens to win with ...Rxc1!} 33. Re1 Rd2+ 34. Re2 Rd1 {White must now prevent ...Rxc1!} 35. Ree3 Rd4 36. Nd3 $36 {[%mdl 2048] White is more active.} Nc4 37. Re4 Rxe4 38. fxe4 Nd2 39. Bg2 $1 Kg5 40. Kg3 $1 Nc4 41. Nf4 Bf7 42. Nd5 Bxd5 43. exd5 {[%mdl 4096] Endgame KRB-KRN} Nd6 44. h4+ Kf5 45. Rf3+ Ke5 (45... Kg6 $16 {is a better defense.}) 46. Re3+ $18 Kf6 47. Rxe7 Kxe7 {KB-KN} 48. Kf4 Kf6 49. Be4 h6 50. Bd3 Nf7 51. Ke4 $1 Nd6+ 52. Kd4 Nb7 53. d6 Ke6 (53... Nxd6 $142 54. Kd5 Nf5) 54. d7 $1 Kxd7 55. Ke5 $1 {[%cal Re5f6]} Ke7 56. Kf5 $1 {[%cal Rf5g6]} Nd6+ 57. Kg6 b5 58. Kxh6 Kf6 59. Kh5 $2 (59. h5 $18 {has better winning chances.}) 59... Nc4 $16 60. a4 $1 Ne3 61. Bxb5 {Bc6 is the strong threat.} Nd5 62. a5 (62. Kg4 $142) 62... Kg7 $2 {[%mdl 8192]} (62... Nxb4 $16 63. Kg4 Nc2) 63. Kg5 $18 Nxb4 {[#]} 64. Kf5 $1 {[%cal Rf5e6]} a6 65. Be8 {White mates.} Nd3 {[#]} 66. Bc6 $1 {[%cal Rc6d5]} Kh6 67. Bd5 Kh5 68. Ke4 Nb4 69. Bb7 Kxh4 70. Kd4 Kg5 {Precision: White = 72%, Black = 53%.} 1-0

[Event "19th Karpov Poikovsky 2018"]
[Site "Poikovsky"]
[Date "2018.06.02"]
[Round "6"]
[White "Artemiev, Vladislav"]
[Black "Kovalev, Vladislav"]
[Result "0-1"]
[WhiteElo "2704"]
[BlackElo "2650"]
[Annotator "TA"]
[PlyCount "166"]
[EventDate "2018.??.??"]
[EventType "tourn"]
[EventCountry "RUS"]
[SourceTitle "playchess.com"]
[Source "ChessBase"]
[SourceQuality "1"]

{[%evp 21,166,0,-8,-7,0,0,0,-8,0,-6,-12,-9,-6,-9,0,-38,0,-2,-3,0,0,0,0,0,0,0,0,-33,-33,-33,-33,-33,-33,-33,-33,-33,-33,-33,-33,-33,-25,-25,-32,-35,-21,-62,0,-24,0,-64,-47,-64,0,0,0,0,0,-21,-27,-178,0,-322,-306,-312,-270,-243,-219,-264,-268,-384,-302,-295,-291,-300,-215,-481,-482,-474,-443,-474,-474,-474,-474,-466,-458,-439,-440,-393,-384,-759,-731,-565,0,-389,0,-391,-384,-383,-384,-383,-381,-370,-359,-327,-310,-314,-312,-337,-346,-514,-497,-1203,-1203,-833,-119,-118,-118,-1243,-1227,-1223,-1227,-1200,-1091,-1159,-1128,-1058,-1043,-1044,-641,-29969,-29970,-29972,-29972,-29975,-29976,-29976,-29978,-29980,-29981,-29983,-29983,-29983,-29984,-29989,-29990,-29990,-29991]} 1. g3 Nf6 2. Bg2 c5 3. e4 Nc6 4. Nc3 g6 5. d3 Bg7 6. Be3 d6 7. Nge2 O-O 8. O-O Rb8 9. h3 b5 10. Qd2 b4 11. Nd1 e5 {LiveBook: 6 Games. B26: Closed Sicilian: 3 g3, lines with early Be3} (11... Nd7 12. Bh6 Bxh6 13. Qxh6 Nd4 14. Qd2 e5 15. Ne3 Nf6 16. Kh2 Nh5 17. Nxd4 cxd4 18. Nc4 Be6 19. b3 {½-½ (51) Vachier Lagrave,M (2745)-Dominguez Perez,L (2754) Beijing 2013}) 12. a3 $146 ({Predecessor:} 12. c3 a5 13. f4 exf4 14. gxf4 Bd7 15. Nf2 Ne8 16. d4 cxd4 17. cxd4 d5 18. e5 Nc7 19. Nd3 {0-1 (51) Hjartarson,J (2634)-McShane,L (2592) Qaqortoq 2003}) 12... a5 13. axb4 axb4 {The position is equal.} 14. Bh6 Bxh6 15. Qxh6 Nd4 16. Nxd4 cxd4 17. Qd2 Qb6 18. Kh2 Kg7 19. f4 Bd7 20. b3 Ra8 21. Nb2 Rxa1 22. Rxa1 Qc5 23. Nc4 {Threatens to win with Ra5.} Bb5 24. fxe5 dxe5 25. Bf3 Rb8 26. Bd1 Bxc4 27. bxc4 Qc7 28. h4 h6 29. Kg2 Nd7 30. h5 Nc5 31. hxg6 fxg6 32. Be2 Qe7 33. Ra5 Qc7 34. Ra1 Qe7 35. Ra5 h5 36. Qe1 Rf8 (36... h4 $15) 37. Rb5 $11 h4 38. gxh4 {aiming for Qg3.} (38. Qxb4 Qg5 $17) 38... Ne6 {White must now prevent ...Nf4+.} 39. Kg1 Nf4 40. Bf1 $2 (40. Bg4 $11) 40... Ra8 $2 (40... Nh5 $1 $19 {And now ...Rf3 would win.} 41. Bh3 (41. Rxb4 $2 Rf3 $19) 41... Rf3) 41. Qg3 $2 {[%mdl 8192]} (41. Qf2 $1 $11) 41... Ra1 $19 {( -> ...Ne2+)} 42. Qg4 Rc1 43. c5 {Strongly threatening c6.} Rxc2 44. Rxb4 Qf7 $1 {Hoping for ...Nxd3!} ({Less strong is} 44... Rxc5 45. Rb6 $17) 45. Qg3 (45. Rb8 $142 Nxd3 46. Qg3) 45... Rxc5 46. Rb1 Rc2 47. Ra1 Qf6 48. Kh1 $2 (48. Ra7+ {was forced.} Kh6 49. Ra6) 48... Nh5 49. Qg4 Kh6 50. Bg2 Qf4 51. Qxf4+ Nxf4 {[%mdl 4096] Endgame KRB-KRN} 52. Bf3 Nxd3 53. Kg1 Rf2 54. Bg2 Rd2 55. Ra5 $2 (55. Bf3) 55... Ne1 56. Bh1 Nd3 $2 (56... Kh5 $19 57. Rxe5+ Kxh4) 57. Bf3 $2 {[%mdl 8192]} (57. Bg2 $1 $11 {and White is okay.} Kh5 58. Bf1) 57... Rc2 $2 (57... Rf2 $19 58. Bg4 Rf4) 58. Rd5 $2 {[%mdl 8192]} (58. Ra1 $1 $11 {and White stays safe.} Nf4 59. Ra8) 58... Rc5 59. Rd6 Rc1+ 60. Kh2 Nf4 61. Kg3 Rc3 62. Rb6 Nd3 63. Kh2 Nc5 64. Kg2 Re3 65. h5 (65. Bd1 {keeps fighting.} Nxe4 66. Re6) 65... Nd3 $1 66. Rxg6+ (66. Bd1 $142 Nf4+ 67. Kf2) 66... Kh7 67. Rg3 Nf4+ $2 (67... Ne1+ $1 $19 68. Kf2 Nxf3 69. Rxf3 Rxe4) 68. Kf2 Kh6 69. Rg8 $2 {[%mdl 8192]} (69. Bd1 $17) 69... Nd3+ 70. Kg3 Ne1 $1 71. Rg6+ Kh7 72. Rf6 {[#]} Kg7 $1 {[%cal Rg7f6]} 73. Rf5 Nxf3 ({Weaker is} 73... Rxf3+ 74. Rxf3 Nxf3 75. Kxf3 $11) 74. Rxf3 Rxe4 {KR-KR} 75. Rf5 d3 {[%cal Bd4d3,Bd3d2][%mdl 32] Black mates.} 76. Rf2 Re3+ 77. Kg4 Re2 78. Rf1 d2 79. Rd1 {[#]} e4 $1 {[%cal Be5e4,Be4e3,Be3e2][%mdl 32]} 80. Kg5 e3 81. h6+ Kh7 82. Ra1 Rg2+ 83. Kh5 e2 {Precision: White = 48%, Black = 74%.} 0-1

[Event "19th Karpov Poikovsky 2018"]
[Site "Poikovsky"]
[Date "2018.06.02"]
[Round "6"]
[White "Gelfand, Boris"]
[Black "Korobov, Anton"]
[Result "1-0"]
[WhiteElo "2689"]
[BlackElo "2667"]
[Annotator "TA"]
[PlyCount "195"]
[EventDate "2018.??.??"]
[EventType "tourn"]
[EventCountry "RUS"]
[SourceTitle "playchess.com"]
[Source "ChessBase"]
[SourceQuality "1"]

{[%evp 20,195,60,64,66,64,66,62,67,67,70,71,77,60,60,51,63,52,59,45,63,45,63,54,63,63,63,59,81,79,129,124,127,145,133,118,135,128,108,105,108,100,239,234,234,241,605,618,603,640,640,611,608,608,594,584,558,569,650,640,203,637,597,612,708,683,730,726,704,690,644,621,593,436,436,421,421,421,421,421,421,0,414,414,414,292,292,285,552,264,264,264,264,264,264,223,724,721,705,685,647,647,629,629,621,621,621,621,621,614,614,614,614,614,5128,979,29979,29980,29978,29970,29979,1162,1027,614,614,0,863,0,614,607,811,789,766,607,1100,607,29975,29976,29976,29976,29976,29977,29975,607,607,607,607,607,600,600,591,584,607,600,584,268,607,607,29961,29965,29966,29967,29966,29966,29966,29967,29966,29967,5093,607,600,592,29984,29985,29984,29985,29987,29988]} 1. c4 Nf6 2. Nf3 c6 3. g3 g6 4. b3 Bg7 5. Bb2 d5 6. Bg2 O-O 7. O-O Nbd7 8. d4 Ne4 9. e3 Ndf6 {D78: Fianchetto Grünfeld: 6 0-0 c6} (9... a5 10. Ne1 a4 11. Nd3 axb3 12. axb3 Rxa1 13. Bxa1 Qa5 14. Bb2 Ndf6 15. c5 Ng4 16. Qe2 Bh6 17. Bc1 {1-0 (62) Carlsen,M (2840)-Gupta,A (2645) chess.com INT 2017}) 10. Ne5 Be6 11. Qe2 {LiveBook: 4 Games} a5 {White is slightly better.} 12. Na3 $146 ({Predecessor:} 12. cxd5 cxd5 13. f3 Nd6 14. Nc3 Nd7 15. Nd3 Nb6 16. f4 Nf5 17. a4 {1-0 (43) Khlian,E (2419)-Berdychevaskaya,N (2199) Taganrog 2013}) 12... a4 13. f3 Nd6 $1 14. c5 Nf5 15. b4 Bc8 16. Rad1 e6 17. e4 Ne7 18. Bc1 b6 19. Qc2 bxc5 20. bxc5 Ba6 21. Rfe1 Nd7 22. Nxd7 Qxd7 23. Bf4 dxe4 24. fxe4 Bxd4+ 25. Kh1 $1 Rfd8 26. Nc4 Bxc4 27. Qxc4 {Strongly threatening Bh3.} Ra5 28. Be3 $1 e5 29. Rf1 Qe8 30. Bxd4 Rxd4 (30... exd4 $16 {might work better.} 31. Rf6 (31. Rxd4 Rxd4 32. Qxd4 Rb5 $14) 31... Ra7) 31. Rxd4 $40 {[%mdl 128] Black is in trouble.} exd4 32. Bh3 $1 ({Not} 32. Qxd4 Ra8 $14) 32... h5 $2 {[#]} (32... Nc8 33. Bxc8 (33. Qxd4 Ra7 $16) 33... Qxe4+ 34. Kg1 Ra7) 33. Bd7 $1 {[%cal Rd7e8][%mdl 512]} Qxd7 34. Qxf7+ Kh8 35. Qf8+ Ng8 36. Rf7 Qxf7 37. Qxf7 Rxc5 38. Qxg6 {[%mdl 4096] Endgame KQ-KRN} d3 {Threatens to win with ...d2.} 39. Qd6 Rc1+ 40. Kg2 Rc2+ 41. Kf3 Rxh2 42. Qxd3 Rxa2 43. Qc4 Ra3+ 44. Kf4 Rb3 45. Qxa4 Rb7 46. Qxc6 Rf7+ 47. Ke5 Kg7 48. Qc3 Kg6 49. Qc8 Kg7 50. Qc3 Kg6 $1 51. Kd6 Rf6+ 52. Kc5 Re6 53. Qb3 Re8 $2 (53... Kf7 {keeps fighting.} 54. e5 Ne7) 54. Kd6 (54. Qd3 $142) 54... Nh6 55. Qb6 {Kd7+ is the strong threat.} Ng4 56. Qc6 Re5 57. Qa8 Kg7 $2 (57... Rg5 58. Qc8 Kf7 59. Qb7+ Kf6 60. Qe7+ Kg6 61. Qe6+ Kg7 62. Qd7+ Kg6) 58. Qa1 Kf6 59. Qb2 Kg5 60. Qc3 h4 {If only Black now had time for ...hxg3....} 61. Qc1+ Kh5 62. Qh1 Rg5 63. Qxh4+ Kg6 64. Qh8 Nh6 {White must now prevent ...Nf7+.} 65. Qc3 Kh5 66. Qf3+ Ng4 {[#]} 67. Ke6 (67. e5 $142 $1 Rxe5 68. Qf7+ Kh6 69. Qf8+ Kg6 70. Qg8+ Kf5 71. Qf7+ Kg5 72. Qg7+ Kf5 73. Qg8) 67... Re5+ 68. Kf7 Kg5 69. Qf4+ Kh5 70. Qc1 (70. Qf1 $142 Nh6+ 71. Kf6 Ng4+ 72. Kg7 Re7+ 73. Kf8 Ra7 74. Qh3+ Kg6 75. Qxg4+ Kh6 76. e5) 70... Nh6+ 71. Kf6 Ng4+ 72. Kf7 {Threatening mate with Qh1+.} Nh6+ 73. Kf6 Ng4+ {[#]} 74. Kg7 $1 {Qh1+ would kill now.} Re7+ 75. Kf8 Re5 76. Qf4 Ra5 77. Qf1 {And now Qh3+ would win.} Kg6 78. Qf7+ Kh6 79. Qg7+ Kh5 80. Qh7+ Nh6 {[#]} 81. Qc7 (81. g4+ $142 $1 Kxg4 82. Qxh6 Ra8+ 83. Ke7 Ra7+ 84. Kd8 Ra8+ 85. Kc7 Ra3 86. Qe6+ Kh5 87. Qd5+ Kg4 88. e5) 81... Rg5 82. Qc1 Rg8+ 83. Ke7 Rg7+ 84. Ke6 Rg6+ 85. Kd5 Rg5+ 86. Kd4 Rxg3 87. e5 (87. Qc7 $142 Rg2 88. e5) 87... Rg7 $2 (87... Nf5+ 88. Ke4 Ng7 89. Qd1+ Kh6 90. Qd2+ Rg5) 88. e6 Kg6 89. Ke5 Ng8 90. Qg1+ Kh7 91. Qh1+ Kg6 92. Qg2+ Kh7 93. Qh3+ Kg6 94. Qf5+ (94. Qg4+ $142 Kh6 95. Qf4+ Kg6 96. Qg4+ Kh6 97. Qh4+ Kg6 98. Qg3+ Kh6 99. Qf4+ Kh5 100. Qf1) 94... Kh6 {intending ...Rg5.} 95. Kd6 Ra7 96. Qf4+ {White mates.} Kh7 97. Qh4+ Kg6 98. Qe4+ {Precision: White = 67%, Black = 56%.} 1-0

[Event "19th Karpov Poikovsky 2018"]
[Site "Poikovsky"]
[Date "2018.06.02"]
[Round "6"]
[White "Sutovsky, Emil"]
[Black "Vidit, Santosh Gujrathi"]
[Result "1/2-1/2"]
[WhiteElo "2647"]
[BlackElo "2710"]
[Annotator "TA"]
[PlyCount "60"]
[EventDate "2018.??.??"]
[EventType "tourn"]
[EventCountry "RUS"]
[SourceTitle "playchess.com"]
[Source "ChessBase"]
[SourceQuality "1"]

{[%evp 39,60,2,6,6,0,0,0,0,0,0,0,0,0,0,0,0,0,0,0,0,0,0,0]} 1. e4 e5 2. Nf3 Nc6 3. Bb5 a6 4. Ba4 Nf6 5. O-O Nxe4 6. d4 b5 7. Bb3 d5 8. dxe5 Be6 9. Qe2 Be7 10. Rd1 O-O 11. c4 bxc4 12. Bxc4 Bc5 13. Be3 Bxe3 14. Qxe3 Qb8 15. Bb3 Na5 16. Nbd2 Qa7 17. Qxa7 Rxa7 {C81: Open Ruy Lopez: Keres Variation (9 Qe2)} 18. Nxe4 Nxb3 19. axb3 dxe4 20. Nd4 c5 {LiveBook: 4 Games. The position is equal.} (20... Rb7 21. Rxa6 Bxb3 22. Nxb3 Rxb3 23. Rc6 Rb5 24. Rxc7 Rxe5 25. g3 Rb5 26. Re7 Rxb2 27. Rxe4 Rbb8 28. Kg2 Rbd8 29. Red4 Rxd4 30. Rxd4 g6 {½-½ (30) Lu,S (2619)-Wei,Y (2700) Xinghua 2016}) 21. Nxe6 fxe6 $11 {[%mdl 4096] Endgame KRR-KRR} 22. Rd6 Rb7 23. Rxe6 Rxb3 24. Rexa6 $146 ({Predecessor:} 24. Ra2 e3 25. f3 Rfb8 26. Rexa6 Rxb2 27. Rxb2 Rxb2 28. Kf1 Rf2+ 29. Kg1 Rb2 30. Kf1 {½-½ (30) Dvoirys,S-Chekhov,V (2410) Tallinn (Estland) 1980}) 24... Rxb2 25. e6 Rfxf2 26. e7 Rxg2+ 27. Kf1 {[%cal Re7e8]} Kf7 {[#]} 28. Re6 $3 {[%cal Re7e8][%mdl 512]} Rgf2+ (28... Kxe6 29. e8=Q+) 29. Kg1 {[%cal Re7e8]} Rg2+ 30. Kf1 {[%cal Re7e8]} Rgf2+ 1/2-1/2

[Event "19th Karpov Poikovsky 2018"]
[Site "Poikovsky"]
[Date "2018.06.03"]
[Round "7"]
[White "Vidit, Santosh Gujrathi"]
[Black "Artemiev, Vladislav"]
[Result "1/2-1/2"]
[WhiteElo "2707"]
[BlackElo "2704"]
[Annotator "TA"]
[PlyCount "127"]
[EventDate "2018.??.??"]
[EventType "tourn"]
[EventCountry "RUS"]
[SourceTitle "playchess.com"]
[Source "ChessBase"]
[SourceQuality "1"]

{[%evp 15,127,32,31,37,40,31,35,-18,-29,-28,-35,-29,-31,-27,-48,-56,-55,-55,-51,-74,-82,-73,-65,-117,-130,-127,-127,-125,-122,-122,-133,-137,-113,-113,-87,-88,-84,-107,-78,-90,-90,-90,-90,-87,-92,-106,-106,-200,-200,-200,-200,-200,-193,-193,-193,-193,-193,-193,-193,-185,-185,-185,-185,-185,-185,-219,-219,-216,-216,-222,-209,-209,0,-221,-207,-200,-158,-222,-158,-158,-158,-158,-158,-158,-158,-158,-158,-158,-158,-158,-158,-158,-158,-158,-158,-158,-158,-158,-158,-158,-158,-158,-158,-158,-158,-158,-24,-24,-24,-24,-24,-24,-20,-24]} 1. d4 Nf6 2. c4 g6 3. Nc3 d5 4. Nf3 Bg7 5. Qb3 c6 {[%cal Bc7c6,Bc6c5][%mdl 32]} 6. cxd5 Nxd5 7. e4 Nxc3 {D96: Grünfeld: Russian System (5 Qb3): sidelines} 8. bxc3 O-O {LiveBook: 9 Games} (8... c5 9. Bb5+ Nc6 10. Bxc6+ bxc6 11. O-O Qb6 12. Ba3 cxd4 13. cxd4 Qxb3 14. axb3 Ba6 15. Rfc1 {½-½ (23) Shomoev,A (2559)-Kurnosov,I (2668) Khanty-Mansiysk 2010}) 9. Be3 c5 $146 {White is slightly better.} ({Predecessor:} 9... Qb6 10. Qc2 c5 11. Rb1 Qc7 12. d5 f5 13. exf5 Bxf5 14. Bd3 c4 15. Bxf5 Rxf5 {1-0 (40) Joachim,S (2471)-Zwanzger,J (2281) Germany 2003}) 10. d5 Nd7 11. Bd3 (11. Rc1 $14) 11... b5 $1 $11 {[%cal Bb7b5,Bb5b4,Bb4c3][%mdl 32] And now ...c4 would win.} 12. Qc2 b4 13. Bd2 c4 $36 {[%mdl 2048] Black is pushing.} 14. Bxc4 Qc7 15. Be2 bxc3 16. O-O Ne5 $1 17. Rfc1 Nxf3+ 18. Bxf3 {[%cal Rd2c3] [#]} Bd7 $1 19. Bxc3 (19. d6 $15 Qxd6 20. Bxc3) 19... Rfc8 $17 {[%cal Rg7c3]} 20. Bxg7 Qxc2 21. Rxc2 Rxc2 22. Bd4 a5 23. h3 Rb8 24. a3 f6 25. e5 Rc4 26. Rd1 Ba4 27. Rd2 Rc2 28. Rxc2 Bxc2 29. exf6 exf6 {[%mdl 4096] Endgame KRB-KB} 30. d6 Kg7 31. d7 (31. Bc3 $17 {might work better.}) 31... Ba4 $19 32. Bg4 {[#] intending Bc3.} Bxd7 $1 {[%mdl 512]} 33. Bxd7 {Be3 is the strong threat.} Rd8 34. Bb6 Rxd7 35. Bxa5 {KR-KB} Rd1+ 36. Kh2 Rd3 37. Bb4 Kf7 38. Bc5 Rd5 39. Bb4 Ke6 40. g3 f5 41. Kg2 Rd3 42. Bf8 Kd5 43. Be7 Ke6 44. Bf8 $1 g5 45. Bc5 Rc3 46. Be3 (46. Bb4 $17 Rb3 47. Bf8) 46... h6 ({Don't do} 46... Rxa3 47. Bxg5 Kd5 48. f3) 47. h4 {[#]} gxh4 $1 48. Bxh6 hxg3 49. f3 Rxa3 50. Kxg3 Ra4 51. Bg5 Ke5 52. Bh6 Rc4 53. Bg7+ Kd5 54. Bh6 Kc6 55. Bg5 Kb5 56. Bh6 Kb4 57. Bg5 Kc3 58. Bh6 Kd3 59. Bg5 Ke2 60. Bh6 Rc3 (60... Rb4 $17 {Strongly threatening ...Rd4.} 61. Bg5 Rd4) 61. Kf4 $11 Rxf3+ 62. Ke5 Rh3 63. Bg5 $1 Rh5 64. Kxf5 {Precision: White = 69%, Black = 77%.} 1/2-1/2

[Event "19th Karpov Poikovsky 2018"]
[Site "Poikovsky"]
[Date "2018.06.03"]
[Round "7"]
[White "Fedoseev, Vladimir"]
[Black "Gelfand, Boris"]
[Result "1/2-1/2"]
[WhiteElo "2706"]
[BlackElo "2695"]
[Annotator "TA"]
[PlyCount "81"]
[EventDate "2018.??.??"]
[EventType "tourn"]
[EventCountry "RUS"]
[SourceTitle "playchess.com"]
[Source "ChessBase"]
[SourceQuality "1"]

{[%evp 15,81,0,0,0,1,8,14,-26,-12,-35,-8,-39,-34,-23,-32,-35,-35,-49,-41,-29,-27,-23,-30,-22,-21,-25,-23,-26,0,-19,0,0,-5,-20,-20,-20,-20,-20,-20,-46,-20,-31,-22,-17,-16,-23,-23,-31,-15,-15,-7,-23,-25,-28,-27,-27,-27,-32,-40,-50,-10,-16,-8,-12,0,0,0,0]} 1. d4 Nf6 2. c4 e6 3. Nf3 d5 4. g3 Bb4+ 5. Bd2 Be7 6. Bg2 O-O 7. O-O c6 8. Qb3 b6 9. Ne5 {E11: Bogo-Indian} (9. Nc3 Ba6 10. cxd5 cxd5 11. Ne5 Bb7 12. Rfc1 Nc6 13. Nxd5 Nxd4 14. Nxe7+ Qxe7 15. Qc4 Bxg2 16. Qxd4 Rfd8 17. Qf4 Bb7 {½-½ (67) Caruana,F (2784)-Ding,L (2769) Berlin 2018}) 9... Ba6 $146 ({Predecessor:} 9... Bb7 10. Bf4 Nbd7 11. Nc3 Nxe5 12. Bxe5 Nd7 13. Bf4 c5 14. cxd5 cxd4 15. d6 Bxg2 16. dxe7 Qxe7 17. Kxg2 dxc3 18. Qxc3 {½-½ (31) Troff,K (2312)-Perelshteyn,E (2528) Saint Louis 2012}) 10. Bc3 Nfd7 11. Nd2 Nxe5 12. dxe5 Nd7 13. a4 Bc5 14. Qc2 d4 15. b4 dxc3 16. Qxc3 {[#]} Bxb4 $1 {[%mdl 512]} 17. Qxb4 Nxe5 18. Qc3 Qc7 19. a5 b5 20. cxb5 Bxb5 21. Nb3 Rac8 22. a6 Rfd8 ({Don't play} 22... Bxe2 $6 23. Rfe1 $14) 23. Nd4 Nc4 {[%cal Be5c4,Bc4b6,Bb6d5][%mdl 32]} 24. Rfb1 Qd7 25. e3 e5 26. Nb3 Qe7 27. h4 g6 28. Rc1 Nb6 29. Nc5 Nd5 30. Qa3 Rb8 31. Nb7 {[#] Threatens to win with Qxe7.} Qxa3 32. Rxa3 Rd7 33. Bh3 Rc7 34. Nd6 Nb4 35. Nxb5 Rxb5 36. Bf1 Rb6 37. Ra5 Re7 38. Bc4 {The position is equal.} Kg7 39. Rd1 Nd5 40. Bxd5 cxd5 41. Rdxd5 {[%mdl 32768] Precision: White = 67%, Black = 55%. . Loss on Time!?} 1/2-1/2

[Event "19th Karpov Poikovsky 2018"]
[Site "Poikovsky"]
[Date "2018.06.03"]
[Round "7"]
[White "Korobov, Anton"]
[Black "Sutovsky, Emil"]
[Result "1-0"]
[WhiteElo "2678"]
[BlackElo "2647"]
[Annotator "TA"]
[PlyCount "77"]
[EventDate "2018.??.??"]
[EventType "tourn"]
[EventCountry "RUS"]
[SourceTitle "playchess.com"]
[Source "ChessBase"]
[SourceQuality "1"]

{[%evp 12,77,34,8,11,0,0,16,18,4,58,62,59,62,66,66,60,58,65,66,65,62,68,41,44,52,110,110,109,106,109,109,109,112,112,112,112,109,109,109,131,109,145,136,192,187,178,172,188,187,202,202,723,711,642,642,642,642,588,375,1160,1092,1047,317,29971,29972,29963,10107]} 1. Nf3 Nf6 2. c4 g6 3. Nc3 d5 4. cxd5 Nxd5 5. h4 Nxc3 6. dxc3 {A16: English Opening: 1...Nf6 with ...d5} Qxd1+ 7. Kxd1 {LiveBook: 3 Games} h5 $146 ({Predecessor:} 7... Na6 8. h5 Bg7 9. hxg6 hxg6 10. Rxh8+ Bxh8 11. e4 Nc5 12. Ng5 Bf6 13. f3 {½-½ (77) Deac,B (2572)-Ivanchuk,V (2752) Caleta 2017}) 8. Bf4 {The position is equal.} f6 9. Bxc7 Na6 10. Bg3 Bf5 (10... Nc5 $11) 11. Nd4 $14 O-O-O {White should prevent ...e5.} 12. Kc1 Nc5 13. Nxf5 gxf5 14. e3 $36 {[%mdl 2048] White is more active.} Bh6 15. Bc4 e5 {With the idea ...f4.} 16. Kc2 Kc7 17. Rhd1 Ne4 18. Be6 Nxg3 (18... Bxe3 $14 19. Bxe5+ (19. fxe3 Nxg3 20. Rxd8 Kxd8 $11) (19. Bxf5 Nxf2 20. Re1 Bh6 $11) 19... fxe5 20. fxe3 Nd6) 19. fxg3 $16 Bxe3 20. Bxf5 Bf2 21. Rxd8 $1 Rxd8 {[%mdl 4096] Endgame KRB-KRB} 22. g4 $1 hxg4 23. h5 {Strongly threatening h6.} Be3 24. Rd1 $1 Rxd1 25. Kxd1 {KB-KB} g3 26. Ke2 Bf4 27. Kd3 Kd6 (27... Bh6 $16 {was worth a try.} 28. Ke4 Kd6) 28. b4 $1 $18 b6 {[#]} 29. c4 $1 Bh6 30. Ke4 a5 31. a3 {[%cal Ba2a3,Ba3b4,Bb4c5,Bc5c6][%mdl 32]} axb4 $2 (31... Bf8 32. Bg4 axb4 33. axb4 Ke7) 32. axb4 Bd2 33. Kd3 Bh6 34. Kc3 Bf8 {[#]} 35. Kb3 $1 {[%cal Rb3a4]} Ke7 $2 (35... Kc6 36. Kc3 Kc7) 36. c5 bxc5 37. bxc5 Kf7 $2 (37... e4 $18 38. Bxe4 Ke6) 38. c6 Bd6 39. h6 {Precision: White = 88%, Black = 40%.} 1-0

[Event "19th Karpov Poikovsky 2018"]
[Site "Poikovsky"]
[Date "2018.06.03"]
[Round "7"]
[White "Kovalev, Vladislav"]
[Black "Nepomniachtchi, Ian"]
[Result "1/2-1/2"]
[WhiteElo "2650"]
[BlackElo "2751"]
[Annotator "TA"]
[PlyCount "34"]
[EventDate "2018.??.??"]
[EventType "tourn"]
[EventCountry "RUS"]
[SourceTitle "playchess.com"]
[Source "ChessBase"]
[SourceQuality "1"]

{[%evp 17,34,6,12,-8,0,0,53,0,6,3,0,-11,-3,-8,0,0,0,0,0]} 1. e4 c5 2. Nf3 d6 3. Bb5+ Nd7 4. d4 cxd4 5. Qxd4 a6 6. Bxd7+ Bxd7 7. c4 {B51: Sicilian: Moscow Variation (3 Bb5+) without 3...Bd7} Nf6 (7... e5 8. Qd3 b5 9. Nc3 bxc4 10. Qxc4 Be6 11. Qc6+ Bd7 12. Qc4 Be6 13. Qc6+ Bd7 {½-½ (13) Jones,G (2651)-Wojtaszek,R (2738) Batumi 2018}) 8. Bg5 e6 9. Nc3 Be7 {LiveBook: 20 Games} 10. e5 (10. O-O {seems wilder.} O-O 11. Rfd1 Bc6 12. Qd3 h6 13. Bf4) 10... dxe5 11. Nxe5 O-O $146 (11... Qc7 $11 12. O-O Rd8) ({Predecessor:} 11... Qc7 12. O-O Bc6 13. Rfe1 h6 14. Bh4 Rd8 {0-1 (39) Gharamian,T (2637)-Gozzoli,Y (2573) Agen 2016}) 12. Nxd7 Nxd7 {The position is equal.} 13. Bxe7 Qxe7 14. Rd1 Nf6 15. O-O Rac8 16. b3 Qb4 17. Ne4 Nxe4 1/2-1/2